English for conversation and comprehension : exercising spoken English

Bibliographic Details
Main Author: Martin, M. H. Combe (Author)
Format: Book
Edition:England .
Subjects:

MARC

LEADER 00000cam a2200000 7i4500
001 0000008680
005 20021119093000.0
008 021119n
090 0 0 |a PE1074.8   |b .E93 cass. kit 
100 0 |a Martin, M. H. Combe ,   |e author 
245 0 0 |a English for conversation and comprehension :   |b exercising spoken English   |c M.H. Combe Martin 
250 |a England .   |b Macmillan Education ;   |c [19--] 
300 |a 2 sound cassettes (101 min.) 
400 0 0 |a English for conversation and comprehension for intermediate/advance 
650 0 |a English language   |x Spoken English 
999 |a 1000068151   |b Audio Cassette   |c Close Access   |e Gong Badak Campus 
999 |a 1000068153   |b CD-ROM   |c Close Access   |e Gong Badak Campus 
999 |a 1000068154   |b Book   |c Close Access   |e Gong Badak Campus 
999 |a 1000087499   |b Audio Cassette   |c Close Access   |e Gong Badak Campus